Country Codes for the 2026 FIFA World Cup - Statistics

General Stats
  • This quiz has been taken 53 times
  • The average score is 42 of 48
Answer Stats
Country Country Code % Correct
Algeria ALG
100%
Argentina ARG
100%
Australia AUS
100%
Belgium BEL
100%
Egypt EGY
100%
Ghana GHA
100%
Haiti HAI
100%
Iraq IRQ
100%
Jordan JOR
100%
Japan JPN
100%
Mexico MEX
100%
Panama PAN
100%
Qatar QAT
100%
Senegal SEN
100%
United States USA
100%
Brazil BRA
98%
Canada CAN
98%
Colombia COL
98%
England ENG
98%
Germany GER
98%
Iran IRN
98%
Norway NOR
98%
Tunisia TUN
98%
Turkey TUR
98%
Uruguay URU
98%
Croatia CRO
95%
Ecuador ECU
95%
France FRA
95%
Portugal POR
95%
Scotland SCO
95%
Sweden SWE
95%
Uzbekistan UZB
95%
Spain ESP
93%
Paraguay PAR
93%
Czech Republic CZE
91%
Austria AUT
88%
South Korea KOR
84%
Netherlands NED
77%
New Zealand NZL
77%
Cape Verde CPV
74%
Saudi Arabia KSA
72%
Bosnia & Herzegovina BIH
60%
Switzerland SUI
60%
Morocco MAR
58%
South Africa RSA
53%
Ivory Coast CIV
51%
DR Congo COD
30%
Curacao CUW
23%
No matching quizzes found
Score Distribution
Percent of People with Each Score
Percentile by Number Answered
Your Score History
You have not taken this quiz